Cơ sở toán học hiện đại của kiến thức môn toán phổ thông

में बचाया:
ग्रंथसूची विवरण
मुख्य लेखक: Chu, Trọng Khanh
अन्य लेखक: Trần, Trung
स्वरूप: पुस्तक
प्रकाशित: Hà Nội Giáo dục Việt Nam 2011
विषय:
टैग : टैग जोड़ें
कोई टैग नहीं, इस रिकॉर्ड को टैग करने वाले पहले व्यक्ति बनें!
Thư viện lưu trữ: Trung tâm Học liệu Lê Vũ Hùng, Trường Đại học Đồng Tháp
LEADER 00907pam a22002538a 4500
001 00037715
005 20171026081025.0
008 170513s2011 ||||||Viesd
041 0 # |a Vie 
082 1 4 |a 510.7  |b C460S 
100 1 # |a Chu, Trọng Khanh 
245 1 0 |a Cơ sở toán học hiện đại của kiến thức môn toán phổ thông  |c Chu Trọng Khanh, Trần Trung 
260 # # |a Hà Nội  |b Giáo dục Việt Nam  |c 2011 
300 # # |a 199 tr.  |c 24 cm 
653 # # |a hiện đại 
653 # # |a môn toán phổ thông 
653 # # |a phổ thông 
700 1 # |a Trần, Trung 
852 # # |b Kho mượn  |j KM.0022854, KM.0021385, KM.0023068 
852 # # |b Kho đọc  |j KD.0022016 
852 # # |j KD.0022016  |j KM.0022854  |j KM.0023068  |j KM.0021385 
910 |d 13/05/2017 
980 # # |a Trung tâm Học liệu Lê Vũ Hùng, Trường Đại học Đồng Tháp